1980s Surnames Quiz Stats

 Plays Quiz Updated Apr 25, 2016

Also try: 1970s Surnames
Challenge
Share
Tweet
Embed
Score 0/50 Timer 05:00
2 Plays Today
% Correct
Spears
97%
Lohan
96.3%
Perry
96.3%
Aguilera
96.2%
Johansson
96.1%
Timberlake
96.1%
Zuckerberg
96%
Kardashian
95.8%
Culkin
95.4%
Hilton
95.4%
Winehouse
95.3%
Portman
94.9%
Phelps
94.8%
Lavigne
94.5%
Knightley
94.5%
Keys
94.4%
Knowles
94.4%
Tatum
94.4%
Clarkson
94.1%
Radcliffe
94%
Olsen
93.7%
Kournikova
93.4%
Bolt
93.3%
Wood
93.1%
Duff
92.6%
% Correct
James
92.4%
Kunis
92.2%
Underwood
91.3%
Federer
91.3%
Rogen
91.3%
Gyllenhaal
91.1%
Fox
90.9%
Deschanel
90.8%
Dunst
90.6%
Alba
90%
Stone
89.5%
Pattinson
89.2%
Hudson
89%
Hemsworth
88.6%
Jepsen
87.2%
Manning
86.8%
Osment
86.2%
Messi
85.9%
Ricci
85.5%
Ferrera
84.3%
Muniz
83.3%
Kwan
83.3%
Panettiere
83.2%
Patrick
81.2%
Bell
80.1%

You're not logged in!

Compare scores with friends on all Sporcle quizzes.
OR
Log In

You Might Also Like...

Show Comments

Extras

Top Quizzes Today


Score Distribution

Your Account Isn't Verified!

In order to create a playlist on Sporcle, you need to verify the email address you used during registration. Go to your Sporcle Settings to finish the process.

Report this User

Report this user for behavior that violates our Community Guidelines.

Details: